Ever After High Picture Quiz - Statistics

General Stats
  • This quiz has been taken 27 times
  • The average score is 13 of 16
Answer Stats
Picture Answer % Correct
Apple White
96%
Raven Queen
96%
Briar Beauty
92%
Madeline Hatter
92%
C.A. Cupid
88%
Darling Charming
88%
Kitty Cheshire
83%
Lizzie Hearts
83%
Cedar Wood
79%
Cerise Hood
79%
Daring Charming
79%
Hunter Huntsman
79%
Ashlynn Ella
75%
Dexter Charming
75%
Bunny Blanc
71%
Duchess Swan
71%
No matching quizzes found
Score Distribution
Percent of People with Each Score
Percentile by Number Answered
Your Score History
You have not taken this quiz